000
00283nam a2200109Ia 4500
008
190906s9999||||xx |||||||||||||| ||und||
100
_a
McCubbrey
245
0
_a
Management Information Systems for the Information Age
260
_a
London
_b
Addison
_c
2002
300
_a
440
942
_c
BK
999
_c
6082
_d
6082